| 000 | 00695cam a2200229 i 4500 | ||
|---|---|---|---|
| 001 | sa 68004545 | ||
| 003 | DLC | ||
| 005 | 20260227112502.0 | ||
| 008 | 850129s1964 ii 000 0 tamo | ||
| 010 | _asa 68004545 | ||
| 020 | _cRs10.00 | ||
| 040 |
_aDLC _cDLC _dDLC |
||
| 050 | 0 | 0 |
_aPL4758.9.J25 _bA8 |
| 100 | 0 |
_aJekacir̲piyan̲, _d1925-1978. |
|
| 245 | 1 | 0 |
_aĀlavāyal̲akan̲ : _bcarittira navīn̲am / _c[el̲utiyavar] Jekacir̲piyan̲. |
| 250 | _a[2. patippu]. | ||
| 260 |
_aCen̲n̲ai : _bVān̲ati Patippakam, _c[1964] |
||
| 300 |
_a519 p. ; _c19 cm. |
||
| 500 | _aNovel. | ||
| 500 | _aIn Tamil. | ||
| 600 | 0 | 0 |
_aMaravarman Sundara Pandya _bI, _cPandya King, _dactive 1216-1238 _xFiction. |
| 999 |
_c80193 _d80193 |
||